Revista de viticultura de la provincia de Gerona / Órgano de la Comisión de Trabajos Antifiloxéricos
Descripción Física:
29 cm
Otros Autores:
Girona. Diputació
Materias:
Viticultura -- Revistes
MARC
| LEADER | 00000nam a2200000Ia 4500 | ||
|---|---|---|---|
| 001 | |||
| 008 | 160829s1892 xx 000 0 cat d | ||
| 008 | 160829s9999 xx 000 0 cat d | ||
| 080 | |a 1945, exp. 2 | ||
| 245 | |a Revista de viticultura de la provincia de Gerona / Órgano de la Comisión de Trabajos Antifiloxéricos | ||
| 260 | |a Gerona : |b Tipografía del Hospicio Provincial, |c 1892 | ||
| 300 | |a 29 cm | ||
| 362 | |a Año 1, no. 1 (20 enero 1892) | ||
| 590 | |a Periodicitat desconeguda | ||
| 650 | |a Viticultura |x Revistes |9 48411 | ||
| 700 | |a Girona. Diputació | ||
| 866 | |a Any 1, 1892 (1) | ||
| 901 | |a Arxiu | ||
| 942 | |n 1 | ||
| 952 | |0 0 |1 0 |4 0 |6 1945_EXP_2 |7 1 |9 54528 |a Arxiu |b Arxiu |d 2016-12-01 |l 0 |o 1945, exp. 2 |r 2016-12-01 00:00:00 |w 2016-12-01 |y ARXIU | ||
| 999 | |c 58397 |d 58397 | ||